| LEADER 00000nam 2200000uu 4500 |
| 001 13399118834 |
| 003 ULIBM |
| 008 170626s2000||||th 000 0 tha d |
| 020 ^a0521271304
|
| 082 0 ^aค428.3^bT577S
|
| 100 0 ^aTillitt, Bruce.
|
| 245 00 ^aSpeaking naturally communication skills in American English /^cBy Bruce Tillitt, Mary Newton Bruder.
|
| 250 ^a13 th ed.
|
| 260 ^aCambridge [Cambridgeshire] ;^aNew York :^bCambridgeUniversity Press,^c2000.
|
| 300 ^a115 p. :^bill. ;^c26 cm.
|
| 650 0 ^aEnglish language^xTextbooks for foreign speakers.
|
| 650 0 ^aEnglish language^xSpoken English^zUnited States^xProblems,exercises, etc.
|
| 650 0 ^aCommunication^xProblems, exercises, etc.
|
| 700 0 ^aBruder, Mary Newton,^d1939-.
|
| 999 ^aจริญญา
|
หนังสือดีน่าอ่าน

“ดั่งดวงแก้ว ส่องสว่าง ทางสายงาม”
จัดทำขึ้นเพื่อเฉลิมพระเกียรติ สมเด็จพระเทพรัตนราชสุดา ฯ สยามบรมราชกุมารี
เนื่องในโอกาสมหามงคลเฉลิมพระชนมพรรษา ๕ รอบ ๒ เมษายน ๒๕๕๘
โดยหนังสือเล่มนี้ได้รวบรวม ๖๐ พระอัจฉริยภาพของสมเด็จพระเทพ ฯ
ผู้อ่านจะได้รับแรงบันดาลใจให้พากเพียรเรียนรู้และขยันอดทนทำการงาน
ตามรอยเบื้องพระยุคลบาท เพราะพระองค์ทรงเป็นแบบอย่างอันดีเยี่ยมในทุกด้าน
ทั้งในความใฝ่รู้ใฝ่เรียน คุณธรรมจริยธรรม พระวิริยอุตสาหะในการทรงงาน
และอื่นๆอีกมากมาย ล้วนสามารถสร้างแรงบันดาลใจให้แก่เด็กและเยาวชน
อีกทั้งประชาชนทั่วไป ให้พากเพียรเรียนรู้และขยันอดทนทำการงานตามรอยพระยุคลบาท
เพื่อฝึกฝนตนเองให้เป็นคนดีคนเก่งของครอบครัวและสังคมต่อไป